000
00229nam a22000857a 4500
008
160715b xxu||||| |||| 00| 0 eng d
100
_9
2882
_a
Mal B
245
_a
Football Basics for the Youth
260
_a
New Delhi
_b
F.B Publication
_c
2008
999
_c
2454
_d
2454